Normal view
MARC view
- الاحاسبات الالكترونية -رسم
Entry Topical Term
001 - CONTROL NUMBER
- control field: 43866
003 - CONTROL NUMBER IDENTIFIER
- control field: JO-AjAnu
005 - DATE AND TIME OF LATEST TRANSACTION
- control field: 20230606081252.0
008 - FIXED-LENGTH DATA ELEMENTS
- fixed length control field: 230606|| aca||aabn | a|a d
040 ## - CATALOGING SOURCE
- Original cataloging agency: JO-AjAnu
- Transcribing agency: JO-AjAnu
150 ## - HEADING--TOPICAL TERM
- Topical term or geographic name entry element: الاحاسبات الالكترونية -رسم
670 ## - SOURCE DATA FOUND
- Source citation: Work cat.: (JO-AjAnu)22459: الاسدي، عياس حنون حسن, author 43865, الرسم بالحاسوب باستخدام لغة البرمجة c++